000 00627nam a2200229 a 4500
999 _c937
_d937
008 191111r20072014ii a|||g |||| 001 0 eng d
020 _a9788120331907
_cRs. 395.00
040 _aKO
_beng
041 0 _aeng
044 _aii
082 0 4 _223
_a620.105
_bSi643
100 1 _aSingh, Arbind Kumar
245 1 0 _aMechanics of Solids /
_cArbind Kumar Singh
260 _aDelhi :
_bPHI Learning Private Limited,
_c2007, reprinted 2014
300 _axv, 479 p. :
_bill. ;
_c23 cm.
504 _aIncludes index.
650 0 _aDeformations (Mechanics)
_vTextbooks
650 0 _aSolids
904 _aS_JOY
942 _cBK